00279pab a2200121 454500008004000000100002200040245003700062260000900099300001000108362001000118650001800128773001100146180718b2001 xxu||||| |||| 00| 0 eng d aGeorge, Varughese aGlobalisation and Kerala society c2001 ap.5-6 a9 Dec aGlobalization aJanata